000 00314nam a2200121Ia 4500
008 191201s2011 xx 000 0 und d
100 _aAGRAWAL, Kirti
245 0 _aManagement Concept and Organisational Behaviour M.COM(P)
260 _aN. Delhi
_bVikas Pub
_c2011
300 _a288
650 _aMBA
942 _2ddc
_cBK
999 _c262
_d262